Countries by Common Last Name - Statistics

General Stats
  • This quiz has been taken 47 times
  • The average score is 9 of 20
Answer Stats
Last Name Country % Correct
Suzuki Japan
100%
Ferrari Italy
93%
Kim North Korea, South Korea
92%
Muller Germany
89%
Kowalski Poland
89%
Wang China
86%
Murphy Ireland
86%
Ivanov Russia, Bulgaria
86%
Van Dijk Netherlands
85%
Eriksson Norway
82%
Ionescu Romania
78%
Silva Portugal (Brazil)
77%
Papadopolous Greece
75%
Andersson Sweden
72%
Hernandez Mexico, El Salvador, Honduras
71%
Khan Pakistan, Saudi Arabia, Qatar
70%
Nguyen Vietnam
70%
Gruber Austria
67%
Rodriguez Colombia, Panama, Cuba, Uruguay, Costa Rica
67%
Mohamed Egypt, Iraq, Yemen, Maldives (Djibouti)
67%
Chen Taiwan
64%
Gonzalez Chile, Argentina, Paraguay
62%
Suwannathat Thailand
62%
Jonsdottir Iceland
55%
Heikkinen Finland
54%
Yilmaz Turkey
54%
Abdulayev Kazakhstan, Uzbekistan, Tajikistan
50%
Jovanovic Serbia
50%
Jensen Denmark
46%
Hodzic Bosnia and Herzegovina
45%
Singh India, New Zealand
43%
Melnyk Ukraine
43%
Kazlauskas Lithuania
42%
Garcia Spain, Ecuador
40%
Jean Haiti
38%
Cohen Israel
36%
Kovacs Hungary
33%
Ismailov Kyrgyzstan
30%
Ahmadi Iran
29%
Mensah Ghana
22%
Novakova Czech Republic
20%
Brown Jamaica
20%
Allah Jordan, Lebanon
20%
Nkosi South Africa
20%
Makamba Tanzania
18%
Lopez Guatemala, Nicaragua, Cape Verde
17%
Sari Indonesia
17%
Saidi Algeria
14%
Kasongo Democratic Republic of the Congo
11%
Tesfaye Ethiopia
10%
Tan Malaysia, Singapore
10%
Mammadova Azerbaijan
8%
Seang Cambodia
8%
Quispe Peru
8%
Horvat Croatia, Slovenia
7%
Alaoui Morocco/France
7%
Shrestha Nepal
7%
Ibrahim Nigeria
7%
John Papua New Guinea
0%
Abdi Somalia
0%
No matching quizzes found
Score Distribution
Percent of People with Each Score
Percentile by Number Answered
Your Score History
You have not taken this quiz